Badly explained Mario characters #2 - Statistics

General Stats
  • This quiz has been taken 17 times
  • The average score is 9 of 15
Answer Stats
HinT AnsweR % Correct
Yellow dress princess Daisy
100%
Spooky ghost who gets scared of you seeing it Boo
85%
Space princess Rosalina
85%
Mushwoom hat guy Toad
85%
Big Bol on chain Chain chomp
77%
Big monky Donkey kong
77%
Lil monky with hat Diddy Kong
69%
Fisher guy who flys in a cloud Lakitu
69%
Thief rabbit purple guy Nabbit
62%
Old toad with glasses Toadsworth
54%
Lil nuke Bullet bill
46%
Big nuke Banzi bill
15%
Tantrum throwing turtle with no bib Boomboom
15%
Big swimming guy that you go on MALE Dorrie
15%
They line up in lines and they are all the colours of the rainbow but it can’t fly Biddybud
8%
No matching quizzes found
Score Distribution
Percent of People with Each Score
Percentile by Number Answered
Your Score History
You have not taken this quiz